000
00313nam a22001457a 4500
008
221115b ||||| |||| 00| 0 eng d
020
_a
6113562
041
_a
eng
080
_a
51
082
_a
51
100
_a
20
101
_a
MATE
245
_a
INTRODUCTION TO HILBERT SPACE
_c
BERBERIAN S
942
_2
udc
_c
BK
999
_c
58897
_d
58897